[Event "Titled Tuesday intern op 05th Dec Late"]
[Site "Chess.com INT"]
[Date "2023.12.05"]
[Round "6"]
[White "Kraiouchkine, Nikita"]
[Black "Ehlvest, Jaan"]
[Result "0-1"]
[WhiteElo "2218"]
[BlackElo "2528"]
[PlyCount "80"]
[EventDate "2023.12.05"]
[EventType "swiss (blitz)"]
[EventRounds "11"]
[EventCountry "USA"]
[SourceTitle "EXT 2025"]
[Source "ChessBase"]
[SourceDate "2024.10.14"]
[SourceVersion "1"]
[SourceVersionDate "2024.10.14"]
[SourceQuality "1"]

1. e4 g6 2. d4 Bg7 3. Nc3 c5 4. Nf3 cxd4 5. Nxd4 Nc6 6. Be3 Nf6 7. Bc4 0-0 8. Bb3 d6 9. f3 Bd7 10. Qd2 a5 11. a4 Nxd4 12. Bxd4 Bc6 13. 0-0 Nd7 14. Bxg7 Kxg7 15. Bd5 Qb6+ 16. Kh1 Rac8 17. Rfd1 Nf6 18. Qd4 Qb4 19. Bb3 Qxd4 20. Rxd4 Nd7 21. Bd5 Nc5 22. Bxc6 bxc6 23. b3 Rb8 24. Ne2 f5 25. exf5 gxf5 26. Rad1 Na6 27. Kg1 Nb4 28. R1d2 c5 29. Rh4 Rb6 30. Nf4 Kg8 31. Kf2 e5 32. Nd5 Nxd5 33. Rxd5 f4 34. Rh6 Rd8 35. Re6 Kf7 36. Rexe5 dxe5 37. Rxd8 c4 38. bxc4 Rb4 39. Rd5 Rxa4 40. Rxa5 Rxa5 0-1

[Event "Titled Tuesday intern op 05th Dec Late"]
[Site "Chess.com INT"]
[Date "2023.12.05"]
[Round "5"]
[White "Kraiouchkine, Nikita"]
[Black "Schnaider, Ilan"]
[Result "1-0"]
[WhiteElo "2218"]
[BlackElo "2322"]
[PlyCount "151"]
[EventDate "2023.12.05"]
[EventType "swiss (blitz)"]
[EventRounds "11"]
[EventCountry "USA"]
[SourceTitle "EXT 2025"]
[Source "ChessBase"]
[SourceDate "2024.10.14"]
[SourceVersion "1"]
[SourceVersionDate "2024.10.14"]
[SourceQuality "1"]

1. e4 c5 2. Nf3 d6 3. d4 cxd4 4. Nxd4 Nf6 5. Nc3 a6 6. Bc4 e6 7. 0-0 Be7 8. Bb3 b5 9. f4 Bb7 10. Bxe6 fxe6 11. Nxe6 Qb6+ 12. Kh1 Bc8 13. Nxg7+ Kf7 14. Nh5 Bg4 15. Nd5 Bxd1 16. Nxb6 Bxh5 17. Nxa8 Nbd7 18. Nc7 Rc8 19. Nxa6 Rxc2 20. Nb4 Re2 21. Nd5 Nxe4 22. Nxe7 Kxe7 23. b3 Ndc5 24. Ba3 Nd3 25. f5 b4 26. Bc1 Kf7 27. Bh6 Nef2+ 28. Kg1 Ng4 29. Bf4 d5 30. a3 bxa3 31. Rxa3 Nxf4 32. Rxf4 Ne3 33. f6 Rxg2+ 34. Kh1 Re2 35. h4 Bg6 36. Ra7+ Kf8 37. f7 Be4+ 38. Kg1 Rg2+ 39. Kh1 Rg4+ 40. Rxe4 Rxe4 41. Kh2 Re7 42. Ra8+ Kxf7 43. Kg3 Nf5+ 44. Kg4 Kg6 45. Ra6+ Kf7 46. Kxf5 Re3 47. Ra7+ Kg8 48. Kf6 Rf3+ 49. Ke6 d4 50. b4 d3 51. Rd7 Re3+ 52. Kf6 Rf3+ 53. Ke5 Rh3 54. b5 Rxh4 55. Kf6 Rf4+ 56. Ke6 Rb4 57. Kf6 Rf4+ 58. Ke6 Kf8 59. Rxd3 Rb4 60. Rd5 Kg7 61. Kd6 Kg6 62. Kc6 Rc4+ 63. Rc5 Rb4 64. b6 h5 65. b7 h4 66. Rb5 Rc4+ 67. Kd5 Rc1 68. b8Q Rd1+ 69. Ke4 Re1+ 70. Kf3 Rf1+ 71. Kg2 Rf6 72. Qg8+ Kh6 73. Qg5+ Kh7 74. Rb7+ Rf7 75. Rxf7+ Kh8 76. Qg7# 1-0